000 01597cam a2200361 a 4500
001 EDZ0000104928
003 StDuBDS
005 20161031105205.0
006 m||||||||d||||||||
007 cr |||||||||||
008 121017s2010 caua fo| 001|0|eng|d
020 _a9781452275178 (ebook) :
_cNo price
040 _aStDuBDS
_beng
_cStDuBDS
_epn
049 _aAlfaisal Main Library
050 0 _aHM1261
_b.B85 2010
082 0 4 _a361.00684
_223
100 1 _aBurghardt, Stephen.
245 1 0 _aStories of transformative leadership in the human services
_h[electronic resource] :
_bwhy the glass is always full /
_cSteve Burghardt and Willie Tolliver.
260 _aLos Angeles, [Calif.] ;
_aLondon :
_bSAGE,
_cc2010.
300 _a1 online resource (xix, 273 p.) :
_bill.
520 8 _aThis creative text guides the trainee social worker to understanding the key leadership skills needed for effective social work practice. It conveys important material and helps deliver important concepts in small doses, followed by discussion questions.
521 _aSpecialized.
588 _aDescription based on print version record.
504 _aIncludes bibliographical references and index.
650 0 _aLeadership
_zUnited States.
650 0 _aHuman services
_zUnited States.
655 7 _aElectronic books.
_2local
700 1 _aTolliver, Willie F.
710 2 _aSage eBooks
776 0 8 _iPrint version :
_z9781412970174
856 4 0 _uhttp://ezproxy.alfaisal.edu/login?url=http://sk.sagepub.com/books/stories-of-transformative-leadership-in-the-human-services
942 _2lcc
_cEBOOKS
999 _c481313
_d481313